ROZPOZNAJ PAŃSTWO PO PODPOWIEDZI cz3 - Statystyki

Ogólne statystyki
  • Ten quiz został rozwiązany 35 razy
  • Średni wynik to 8 z 15
Statystyki odpowiedzi
PODPOWIEDŹ ODPOWIEDŹ % Poprawnych
OPUŚCIŁO UNIE EUROPEJSKĄ WIELKA BRYTANIA
97%
PAŃSTWO TO NIE JEST UZNAWANE PRZEZ KOREE POŁUDNIOWĄ KOREA PÓŁNOCNA
87%
NAJMŁODSZE PAŃSTWO NA ŚWIECIE SUDAN POŁUDNIOWY
77%
TO PAŃSTWO POSIADA NAJWIĘKSZĄ LINIE BRZEGOWĄ KANADA
63%
POSIADA NAJWIĘCEJ TURYSTÓW FRANCJA
57%
LUDNOŚĆ TEGO PAŃSTWO POSIADA NAJWIĘKSZE ŚREDNIE IQ JAPONIA
57%
POSIADA NAJMNIEJSZĄ GĘSTOŚĆ ZALUDNIENIA MONGOLIA
57%
EUROPEJSKIE PAŃSTWO W KTÓRYM NADAL ISTNIEJE KARA ŚMIERCI BIAŁORUŚ
47%
PAŃSTWO TO WYSZŁO Z JUGISŁAWI W POKOJOWYCH WARUNKACH MACEDONIA
47%
NA FLADZE TEGO PAŃSTWA ZNAJDUJE SIĘ KAŁACH MOZAMBIK
40%
NAJWIĘKSZE PAŃSTWO KTÓRE W PEŁNI ZMIEŚCI SIĘ W POLSCE OMAN
40%
TO PAŃSTWO POSIADA NAJKRÓTSZĄ LINIE BRZEGOWĄ MONAKO
27%
NAJSTARSZA REPUBLIKA NA ŚWIECIE SAN MARINO
27%
NA FLADZE TEGO PANSTWA ZNAJDUJE SIĘ KOLOR KARMINOWY ŁOTWA
23%
NAJBIEDNIEJSZE PAŃSTWO NA ŚWIECIE BURUNDI
17%
Nie znaleziono quizów pasujących do podanych kryteriów
Rozkład punktacji
Procent ludzi z każdym wynikiem
Percentyl według liczby udzielonych odpowiedzi
Twoja historia wyników
Nie rozwiązałeś tego quizu